Premier League Arsenal v Tottenham Scorers Quiz Stats

 Plays Quiz not verified by Sporcle

Challenge
Share
Tweet
Embed
Score 0/130 Timer 12:00
0 Plays Today
Hint Answer % Correct
1995/96 Arsenal 0-0 SpursGoalless
96%
1996/97 Spurs 0-0 ArsenalGoalless
96%
1997/98 Arsenal 0-0 SpursGoalless
96%
1998/99 Arsenal 0-0 SpursGoalless
96%
2008/09 Spurs 0-0 ArsenalGoalless
96%
1999/00 Arsenal 2-1 SpursThierry Henry
94.3%
2000/01 Arsenal 2-0 SpursThierry Henry
94.3%
2002/03 Arsenal 3-0 SpursThierry Henry
94.3%
2004/05 Spurs 4-5 ArsenalThierry Henry
94.3%
2005/06 Arsenal 1-1 SpursThierry Henry
94.3%
2005/06 Arsenal 1-1 SpursThierry Henry
94.3%
2006/07 Arsenal 3-0 SpursEmmanuel Adebayor
91.5%
2006/07 Spurs 2-2 ArsenalEmmanuel Adebayor
91.5%
2007/08 Spurs 1-3 ArsenalEmmanuel Adebayor
91.5%
2007/08 Spurs 1-3 ArsenalEmmanuel Adebayor
91.5%
2007/08 Arsenal 2-1 SpursEmmanuel Adebayor
91.5%
2008/09 Arsenal 4-4 SpursEmmanuel Adebayor
91.5%
2011/12 Arsenal 5-2 SpursEmmanuel Adebayor
91.5%
2012/13 Arsenal 5-2 SpursEmmanuel Adebayor
91.5%
2007/08 Spurs 1-3 ArsenalGareth Bale
90%
2009/10 Spurs 2-1 ArsenalGareth Bale
90%
2010/11 Arsenal 2-3 SpursGareth Bale
90%
2012/13 Arsenal 5-2 SpursGareth Bale
90%
2012/13 Spurs 2-1 ArsenalGareth Bale
90%
2000/01 Arsenal 2-0 SpursRobert Pires
87.5%
2001/02 Spurs 1-1 ArsenalRobert Pires
87.5%
2002/03 Spurs 1-1 ArsenalRobert Pires
87.5%
2003/04 Arsenal 2-1 SpursRobert Pires
87.5%
2003/04 Spurs 2-2 ArsenalRobert Pires
87.5%
2004/05 Spurs 4-5 ArsenalRobert Pires
87.5%
2005/06 Spurs 1-1 ArsenalRobert Pires
87.5%
2010/11 Spurs 3-3 ArsenalTheo Walcott
86.8%
2011/12 Arsenal 5-2 SpursTheo Walcott
86.8%
2011/12 Arsenal 5-2 SpursTheo Walcott
86.8%
2012/13 Arsenal 5-2 SpursTheo Walcott
86.8%
2004/05 Spurs 4-5 ArsenalJermain Defoe
86.2%
2003/04 Spurs 2-2 ArsenalRobbie Keane
84.2%
2006/07 Spurs 2-2 ArsenalRobbie Keane
84.2%
1995/96 Spurs 2-1 ArsenalDennis Bergkamp
83.8%
1996/97 Arsenal 3-1 SpursDennis Bergkamp
83.8%
2008/09 Arsenal 4-4 SpursRobin van Persie
83.2%
2009/10 Arsenal 3-0 SpursRobin van Persie
83.2%
2009/10 Arsenal 3-0 SpursRobin van Persie
83.2%
2010/11 Spurs 3-3 ArsenalRobin van Persie
83.2%
Hint Answer % Correct
2011/12 Arsenal 5-2 SpursRobin van Persie
83.2%
2008/09 Arsenal 4-4 SpursDarren Bent
81.3%
1993/94 Spurs 0-1 ArsenalIan Wright
80.9%
1993/94 Arsenal 1-1 SpursIan Wright
80.9%
1994/95 Arsenal 1-1 SpursIan Wright
80.9%
1996/97 Arsenal 3-1 SpursIan Wright
80.9%
2008/09 Arsenal 4-4 SpursAaron Lennon
80.8%
2012/13 Spurs 2-1 ArsenalAaron Lennon
80.8%
2012/13 Arsenal 5-2 SpursOlivier Giroud
79.1%
2013/14 Arsenal 1-0 SpursOlivier Giroud
79.1%
2007/08 Spurs 1-3 ArsenalCesc Fabregas
78.1%
2009/10 Arsenal 3-0 SpursCesc Fabregas
78.1%
1999/00 Spurs 2-1 ArsenalPatrick Vieira
77%
2000/01 Spurs 1-1 ArsenalPatrick Vieira
77%
2003/04 Spurs 2-2 ArsenalPatrick Vieira
77%
2004/05 Spurs 4-5 ArsenalPatrick Vieira
77%
2008/09 Arsenal 4-4 SpursDavid Bentley
76.6%
2001/02 Arsenal 2-1 SpursFredrik Ljungberg
75.8%
2002/03 Arsenal 3-0 SpursFredrik Ljungberg
75.8%
2003/04 Arsenal 2-1 SpursFredrik Ljungberg
75.8%
2004/05 Spurs 4-5 ArsenalFredrik Ljungberg
75.8%
1996/97 Arsenal 3-1 SpursTony Adams
75.5%
1992/93 Arsenal 1-3 SpursTeddy Sheringham
72.8%
1995/96 Spurs 2-1 ArsenalTeddy Sheringham
72.8%
2001/02 Arsenal 2-1 SpursTeddy Sheringham
72.8%
2010/11 Arsenal 2-3 SpursRafael van der Vaart
70.8%
2010/11 Spurs 3-3 ArsenalRafael van der Vaart
70.8%
2010/11 Spurs 3-3 ArsenalRafael van der Vaart
70.8%
2011/12 Spurs 2-1 ArsenalRafael van der Vaart
70.8%
2011/12 Arsenal 5-2 SpursTomas Rosicky
68.7%
2008/09 Arsenal 4-4 SpursWilliam Gallas
66.6%
1994/95 Arsenal 1-1 SpursJurgen Klinsmann
66.2%
2009/10 Spurs 2-1 ArsenalDanny Rose
65.7%
2004/05 Spurs 4-5 ArsenalLedley King
65.5%
2005/06 Spurs 1-1 ArsenalLedley King
65.5%
2012/13 Arsenal 5-2 SpursPer Mertesacker
65.1%
2012/13 Spurs 2-1 ArsenalPer Mertesacker
65.1%
2011/12 Spurs 2-1 ArsenalAaron Ramsey
64.7%
2011/12 Arsenal 5-2 SpursBacary Sagna
63.2%
2010/11 Arsenal 2-3 SpursSamir Nasri
61.7%
2010/11 Spurs 3-3 ArsenalSamir Nasri
61.7%
2007/08 Arsenal 2-1 SpursNicklas Bendtner
61.5%
2007/08 Arsenal 2-1 SpursDimitar Berbatov
61.5%
2009/10 Spurs 2-1 ArsenalNicklas Bendtner
61.5%
Hint Answer % Correct
2006/07 Spurs 2-2 ArsenalJermaine Jenas
60.8%
2008/09 Arsenal 4-4 SpursJermaine Jenas
60.8%
2012/13 Arsenal 5-2 SpursSanti Cazorla
60.2%
1998/99 Spurs 1-3 ArsenalEmmanuel Petit
59.6%
2002/03 Arsenal 3-0 SpursSylvain Wiltord
59.6%
2010/11 Arsenal 2-3 SpursYounes Kaboul
58.7%
1997/98 Spurs 1-1 ArsenalRay Parlour
55.5%
2011/12 Spurs 2-1 ArsenalKyle Walker
55.5%
2001/02 Arsenal 2-1 SpursLauren
54.3%
2004/05 Spurs 4-5 ArsenalLauren
54.3%
2006/07 Arsenal 3-0 SpursGilberto Silva
54.2%
2006/07 Arsenal 3-0 SpursGilberto Silva
54.2%
1998/99 Spurs 1-3 ArsenalNwankwo Kanu
54%
1993/94 Arsenal 1-1 SpursDarren Anderton
53.8%
1998/99 Spurs 1-3 ArsenalDarren Anderton
53.8%
2003/04 Arsenal 2-1 SpursDarren Anderton
53.8%
2004/05 Arsenal 1-0 SpursJose Antonio Reyes
52.5%
2012/13 Arsenal 5-2 SpursLukas Podolski
51.9%
1998/99 Spurs 1-3 ArsenalNicolas Anelka
46.4%
1995/96 Spurs 2-1 ArsenalChris Armstrong
46%
2003/04 Spurs 2-2 ArsenalJamie Redknapp
45.3%
2004/05 Spurs 4-5 ArsenalFrederic Kanoute
45.3%
2010/11 Spurs 3-3 ArsenalTom Huddlestone
45.3%
1999/00 Arsenal 2-1 SpursChris Armstrong
44.9%
1999/00 Arsenal 2-1 SpursChris Armstrong
44.9%
2011/12 Arsenal 5-2 SpursLouis Saha
44.5%
2010/11 Arsenal 2-3 SpursMarouane Chamakh
44%
1999/00 Spurs 2-1 ArsenalSteffen Iversen
43.4%
2006/07 Spurs 2-2 ArsenalKolo Toure
43%
1999/00 Spurs 2-1 ArsenalTim Sherwood
37.9%
2008/09 Arsenal 4-4 SpursMikael Silvestre
35.3%
2001/02 Spurs 1-1 ArsenalGus Poyet
34%
2000/01 Spurs 1-1 ArsenalSerhiy Rebrov
32.5%
2004/05 Spurs 4-5 ArsenalNoureddine Naybet
30.8%
2002/03 Spurs 1-1 ArsenalChristian Ziege
27%
1996/97 Arsenal 3-1 SpursAndy Sinton
20.8%
1992/93 Spurs 1-0 ArsenalPaul Allen
18.1%
1994/95 Spurs 1-0 ArsenalGheorghe Popescu
18.1%
1997/98 Spurs 1-1 ArsenalAllan Nielsen
17.9%
1992/93 Arsenal 1-3 SpursPaul Dickov
13.4%
1992/93 Arsenal 1-3 SpursJohn Hendry
11.1%
1992/93 Arsenal 1-3 SpursJohn Hendry
11.1%

You're not logged in!

Compare scores with friends on all Sporcle quizzes.
Join for Free
OR
Log In

You Might Also Like...

Show Comments

Extras

Top Quizzes Today


Score Distribution

Your Account Isn't Verified!

In order to create a playlist on Sporcle, you need to verify the email address you used during registration. Go to your Sporcle Settings to finish the process.

Report this User

Report this user for behavior that violates our Community Guidelines.

Details: